[Event "OLNW 2223 Hamelner SV - HSK Lister Turm"]
[Site "?"]
[Date "2022.12.11"]
[Round "3.4"]
[White "Koch, Yannick"]
[Black "Virag, Attila Aba"]
[Result "0-1"]
[WhiteElo "2076"]
[BlackElo "2276"]
[PlyCount "80"]
[EventDate "2022.??.??"]

1. d4 Nf6 2. c4 e6 3. Nc3 c5 4. d5 exd5 5. cxd5 d6 6. e4 g6 7. Nge2 Bg7 8. Ng3 O-O 9. Be2 Nbd7 10. O-O a6 11. a4 Re8 12. f3 Rb8 13. Be3 Qc7 14. Qd2 Ne5 15. h3 c4 16. Rfc1 b5 17. axb5 axb5 18. b4 cxb3 19. Nxb5 Qd8 20. Rab1 Bxh3 21. Rxb3 Bd7 22. Rbb1 Bxb5 23. Bxb5 Re7 24. Ne2 Reb7 25. Nd4 Ne8 26. Qe2 Nc7 27. f4 Nxb5 28. Rxb5 Rxb5 29. Nxb5 Nd7 30. Nxd6 Nf6 31. e5 Nxd5 32. Ba7 Nxf4 33. Qc4 Qg5 34. Qxf7+ Kh8 35. Qa2 Ne2+ 36. Kf2 Qf4+ 37. Kxe2 Qxe5+ 38. Kf1 Qf4+ 39. Kg1 Qxc1+ 40. Kf2 Rb2+ 0-1

[Event "OLNW 2223 Hamelner SV - HSK Lister Turm"]
[Site "?"]
[Date "2022.12.11"]
[Round "3.5"]
[White "Bleecke, Sebastian"]
[Black "Helmer, Jan"]
[Result "0-1"]
[WhiteElo "2150"]
[BlackElo "2116"]
[PlyCount "56"]
[EventDate "2022.??.??"]

1. e4 c5 2. Nf3 Nc6 3. d4 cxd4 4. Nxd4 e5 5. Nb5 d6 6. c4 f5 7. exf5 Bxf5 8. Bd3 Be6 9. N1c3 a6 10. Na3 Nf6 11. Bg5 Be7 12. O-O O-O 13. Bxf6 Rxf6 14. Be4 Kh8 15. Bd5 Bf5 16. Nc2 Rh6 17. Ne3 Bd7 18. Qd3 Qf8 19. Ne4 Nd4 20. f4 Qe8 21. fxe5 dxe5 22. Rf7 Ne6 23. Raf1 Nf4 24. Qd1 Rd8 25. Nf5 Bxf5 26. Rxf5 Qg6 27. Ng3 Bc5+ 28. Kh1 Qxg3 0-1

[Event "OLNW 2223 Hamelner SV - HSK Lister Turm"]
[Site "?"]
[Date "2022.12.11"]
[Round "3.6"]
[White "van Son, Lutz"]
[Black "Hoerstmann, Rudi"]
[Result "1/2-1/2"]
[WhiteElo "2170"]
[BlackElo "2219"]
[PlyCount "25"]
[EventDate "2022.??.??"]

1. e4 d6 2. d4 Nf6 3. Nc3 c6 4. f3 Nbd7 5. Be3 e5 6. Nge2 Be7 7. Qd2 b5 8. Ng3 Nb6 9. Rd1 Qc7 10. Be2 O-O 11. O-O Be6 12. a3 Rad8 13. Nf5 1/2-1/2

[Event "OLNW 2223 Hamelner SV - HSK Lister Turm"]
[Site "?"]
[Date "2022.12.11"]
[Round "3.7"]
[White "Hoerstmann, Martin"]
[Black "Jacobi, Felix-Hagen"]
[Result "1-0"]
[WhiteElo "2208"]
[BlackElo "2078"]
[PlyCount "41"]
[EventDate "2022.??.??"]

1. Nf3 d6 2. d4 Bg4 3. e4 Nd7 4. Nc3 e5 5. Be3 Be7 6. Bc4 h6 7. h3 Bxf3 8. Qxf3 Bf6 9. Qd1 Nb6 10. Bb3 exd4 11. Bxd4 Qe7 12. O-O Bxd4 13. Qxd4 Nf6 14. Rae1 O-O 15. e5 dxe5 16. Rxe5 Qd7 17. Qe3 Rfe8 18. Rd1 Qc6 19. Re7 Rxe7 20. Qxe7 Rf8 21. Bxf7+ 1-0

[Event "OLNW 2223 Hamelner SV - HSK Lister Turm"]
[Site "?"]
[Date "2022.12.11"]
[Round "3.8"]
[White "Kaiser, Gerhard"]
[Black "Gentemann, Moritz"]
[Result "0-1"]
[WhiteElo "2093"]
[BlackElo "2172"]
[PlyCount "125"]
[EventDate "2022.??.??"]

1. e4 c5 2. Nf3 d6 3. d3 Nc6 4. g3 g6 5. Bg2 Bg7 6. O-O e5 7. Re1 Nge7 8. c3 O-O 9. Na3 h6 10. Be3 b6 11. d4 exd4 12. cxd4 Bg4 13. Nc2 f5 14. h3 Bxf3 15. Bxf3 fxe4 16. Bxe4 d5 17. Bg2 c4 18. Qg4 Kh7 19. h4 h5 20. Qe2 Nf5 21. Rad1 Qd7 22. Bh3 Qf7 23. Qf3 Qg8 24. Bxf5 Rxf5 25. Bf4 Rd8 26. Qe3 Rd7 27. Bg5 Rff7 28. Qe6 Nd8 29. Qe3 Qf8 30. Re2 b5 31. a3 a5 32. Rde1 Nc6 33. Qd2 Qh8 34. Re6 Nxd4 35. Nxd4 Bxd4 36. R1e2 Qg7 37. Qxa5 Bxb2 38. Qxb5 Bxa3 39. Bf6 Qg8 40. Re8 Bf8 41. R2e6 d4 42. Qxc4 Rxf6 43. Qc8 Rff7 44. Rf6 Rxf6 45. Qxd7+ Qf7 46. Qxd4 Rxf2 47. Qxf2 Qxe8 48. Qf3 Bc5+ 49. Kg2 Qd7 50. Qe4 Qf5 51. Qc6 Bd4 52. Qc7+ Bg7 53. Qc6 Qg4 54. Qb7 Qe2+ 55. Kh3 Qf1+ 56. Kh2 Qf2+ 57. Kh3 Kh6 58. Qc6 Be5 59. Qc1+ Kg7 60. Qg5 Qf1+ 61. Kh2 Qe2+ 62. Kh3 Bd6 63. Qd5 0-1

[Event "OLNW 2223 SV Hellern - SK Ricklingen"]
[Site "?"]
[Date "2022.12.11"]
[Round "3.1"]
[White "Ackermann, Dennie"]
[Black "Hoffmann, Alexander"]
[Result "0-1"]
[WhiteElo "2115"]
[BlackElo "2397"]
[PlyCount "74"]
[EventDate "2022.??.??"]

1. Nf3 c5 2. e4 Nc6 3. d4 cxd4 4. Nxd4 e5 5. Nb5 d6 6. N1c3 a6 7. Na3 Be7 8. Nc4 b5 9. Ne3 Nf6 10. Ned5 O-O 11. Be3 Rb8 12. Be2 Nxd5 13. Nxd5 Bg5 14. Qd2 Bxe3 15. Nxe3 Be6 16. c3 Qc7 17. O-O Rfd8 18. b3 a5 19. Rac1 Qb7 20. Rfd1 Ne7 21. Bf3 Rbc8 22. g3 Qb6 23. Kg2 h6 24. h4 Rc5 25. b4 axb4 26. cxb4 Rxc1 27. Rxc1 Nc6 28. a3 Nd4 29. Rc3 Qb7 30. Qd3 Nxf3 31. Kxf3 f5 32. Nd5 fxe4+ 33. Kxe4 Kh8 34. Qd2 Rf8 35. f3 Qa7 36. Nc7 Bf5+ 37. Kd5 Qb7+ 0-1

[Event "OLNW 2223 SV Hellern - SK Ricklingen"]
[Site "?"]
[Date "2022.12.11"]
[Round "3.2"]
[White "Gronde, Ingo"]
[Black "Simon, Ralf-Axel"]
[Result "1-0"]
[WhiteElo "2291"]
[BlackElo "2070"]
[PlyCount "59"]
[EventDate "2022.??.??"]

1. e4 c5 2. Nf3 d6 3. d4 cxd4 4. Nxd4 Nf6 5. Nc3 a6 6. Bd3 g6 7. f3 Bg7 8. Be3 O-O 9. Qd2 Re8 10. O-O-O Nc6 11. g4 Ne5 12. Be2 b5 13. g5 Nfd7 14. f4 Nc4 15. Bxc4 bxc4 16. h4 Bb7 17. Nde2 Qa5 18. a3 Rab8 19. Bd4 e5 20. fxe5 Nxe5 21. Qe3 Ba8 22. Nf4 d5 23. Nfxd5 Bxd5 24. Nxd5 c3 25. Qxc3 Qa4 26. Rhf1 Rbc8 27. Ne7+ Rxe7 28. Qxc8+ Re8 29. Qc7 Qb5 30. Bc3 1-0

[Event "OLNW 2223 SV Hellern - SK Ricklingen"]
[Site "?"]
[Date "2022.12.11"]
[Round "3.3"]
[White "Spiess, Thomas"]
[Black "Boettcher, Christian"]
[Result "1-0"]
[WhiteElo "1984"]
[BlackElo "2217"]
[PlyCount "107"]
[EventDate "2022.??.??"]

1. Nf3 f5 2. d3 Nc6 3. d4 e6 4. g3 Nf6 5. Bg2 d5 6. O-O Rb8 7. a4 a6 8. c3 Bd6 9. Bf4 O-O 10. Nbd2 b5 11. axb5 axb5 12. b4 Nd7 13. Nb3 h6 14. Qd3 Qf6 15. Na5 Ne7 16. Nb3 g5 17. Bxd6 cxd6 18. Ra5 Nc6 19. Ra2 Rb6 20. Ra8 Ba6 21. Rxf8+ Kxf8 22. Ra1 Kg7 23. Nc5 Bc8 24. Nxd7 Bxd7 25. Ra8 Rb8 26. Ra6 Qd8 27. Qd1 Qc7 28. Qa1 Rc8 29. h4 g4 30. Ne1 Nb8 31. Ra3 Bc6 32. Nd3 Qf7 33. Ra7 Rc7 34. Rxc7 Qxc7 35. Nf4 Bd7 36. Kh2 Nc6 37. e3 Ne7 38. Bf1 Nc8 39. Bxb5 Nb6 40. Bxd7 Qxd7 41. Qa6 Nc8 42. h5 Kf7 43. c4 dxc4 44. Qxc4 Nb6 45. Qd3 e5 46. Qb3+ Kg7 47. dxe5 dxe5 48. Qc3 Qe8 49. Ng6 Kf6 50. Qc5 Nd7 51. Qc7 Kg5 52. Qd6 Kxh5 53. Ne7 Kg5 54. Qe6 1-0

[Event "OLNW 2223 SV Hellern - SK Ricklingen"]
[Site "?"]
[Date "2022.12.11"]
[Round "3.4"]
[White "Stock, Joerg"]
[Black "Schmidt, Benjamin"]
[Result "1/2-1/2"]
[WhiteElo "2172"]
[BlackElo "1857"]
[PlyCount "52"]
[EventDate "2022.??.??"]

1. e4 c5 2. Nf3 d6 3. d4 cxd4 4. Nxd4 Nf6 5. Nc3 Nc6 6. Bg5 e6 7. Qd2 a6 8. O-O-O Bd7 9. f4 Be7 10. Nf3 b5 11. a3 b4 12. axb4 Nxb4 13. Bc4 Qc7 14. Bb3 a5 15. e5 dxe5 16. Nxe5 a4 17. Bc4 Rd8 18. Nb5 Bxb5 19. Bxb5+ Kf8 20. Qe2 Nfd5 21. Bxe7+ Kxe7 22. Qc4 Qxc4 23. Bxc4 f6 24. Nf3 Ne3 25. Rxd8 Rxd8 26. Bb5 Nexc2 1/2-1/2

[Event "OLNW 2223 SV Hellern - SK Ricklingen"]
[Site "?"]
[Date "2022.12.11"]
[Round "3.5"]
[White "Herrmann, Andreas"]
[Black "Lehmann, Holger"]
[Result "0-1"]
[WhiteElo "2044"]
[BlackElo "2123"]
[PlyCount "90"]
[EventDate "2022.??.??"]

1. d4 Nf6 2. Nf3 e6 3. Bf4 d5 4. e3 c5 5. c3 Nc6 6. Nbd2 Nh5 7. Bg5 Qb6 8. Rb1 h6 9. Bh4 g5 10. Bg3 Nxg3 11. hxg3 Bg7 12. Bd3 Bd7 13. O-O O-O-O 14. dxc5 Qxc5 15. c4 g4 16. Nb3 Qb4 17. Nfd2 Ne5 18. cxd5 Nxd3 19. Qc2+ Kb8 20. Qxd3 Bb5 21. Qc2 Bxf1 22. Nxf1 Rc8 23. Qe2 Qc4 24. Qe1 Qxd5 25. Rd1 Qb5 26. Rd2 Rhd8 27. Qd1 Rxd2 28. Qxd2 h5 29. Qd6+ Ka8 30. Qe7 Qe8 31. Qg5 Bxb2 32. Qxh5 f5 33. Qh6 Qd7 34. Qg5 e5 35. Qg6 Bc3 36. e4 fxe4 37. Ne3 a5 38. a4 Qxa4 39. Qxg4 Rc6 40. Qg8+ Ka7 41. Nf5 Qc4 42. Qxc4 Rxc4 43. Nd6 Rb4 44. Nc5 Rb1+ 45. Kh2 Bb4 0-1

[Event "OLNW 2223 SV Hellern - SK Ricklingen"]
[Site "?"]
[Date "2022.12.11"]
[Round "3.6"]
[White "R, Tammo"]
[Black "Ploog, Martin"]
[Result "1/2-1/2"]
[WhiteElo "2063"]
[BlackElo "2041"]
[PlyCount "65"]
[EventDate "2022.??.??"]

1. d4 d5 2. c4 e6 3. Nc3 Nf6 4. Bg5 dxc4 5. e4 c5 6. dxc5 Qa5 7. Qf3 Nbd7 8. Bd2 Qxc5 9. Rc1 Qc6 10. Bxc4 Qxc4 11. Nd5 Qxc1+ 12. Bxc1 exd5 13. e5 Ne4 14. Qd1 Bb4+ 15. Kf1 Bc5 16. Nh3 Nb6 17. b4 Bxb4 18. f3 Bd7 19. fxe4 dxe4 20. Be3 O-O 21. Qb1 Nd5 22. Kf2 Nxe3 23. Qxb4 Ng4+ 24. Kg3 Rae8 25. Qxb7 Nxe5 26. Nf4 g5 27. Nd5 f5 28. Rc1 f4+ 29. Kf2 Nd3+ 30. Kf1 Ne5 31. Rc7 Rb8 32. Nf6+ Kh8 33. Qxa7 1/2-1/2

[Event "OLNW 2223 SV Hellern - SK Ricklingen"]
[Site "?"]
[Date "2022.12.11"]
[Round "3.7"]
[White "Arntz, Christoph"]
[Black "Happe, Reinhold"]
[Result "1/2-1/2"]
[WhiteElo "1917"]
[BlackElo "2106"]
[PlyCount "33"]
[EventDate "2022.??.??"]

1. Nf3 d5 2. g3 Nf6 3. Bg2 g6 4. O-O Bg7 5. d4 O-O 6. c4 c6 7. Nc3 dxc4 8. Ne5 Be6 9. e4 Nbd7 10. Qe2 Nxe5 11. dxe5 Ng4 12. f4 Qd3 13. Bf3 Qxe2 14. Bxe2 f5 15. Bxg4 fxg4 16. Be3 b6 17. a4 {(=)} 1/2-1/2

[Event "OLNW 2223 Post SV Uelzen - SK Nordhorn"]
[Site "?"]
[Date "2022.12.11"]
[Round "3.1"]
[White "Kroeze, Frank"]
[Black "Laubsch, Bernd"]
[Result "1/2-1/2"]
[WhiteElo "2388"]
[BlackElo "2287"]
[PlyCount "57"]
[EventDate "2022.??.??"]

1. c4 c6 2. e4 d5 3. exd5 cxd5 4. cxd5 Nf6 5. Nc3 Nxd5 6. Bb5+ Bd7 7. Bc4 Nb6 8. Bb3 g6 9. Qf3 e6 10. Ne4 Bc6 11. Nf6+ Ke7 12. Ne4 Bg7 13. d3 N8d7 14. Qg3 Qb8 15. Qh4+ Kf8 16. Nf3 Ne5 17. Nxe5 Qxe5 18. O-O h6 19. Be3 g5 20. Qh5 Nd5 21. Bc5+ Kg8 22. Bd6 Qd4 23. Rac1 Nf6 24. Nxf6+ Bxf6 25. Bxe6 fxe6 26. Qg6+ Bg7 27. Qxe6+ Kh7 28. Qf5+ Kg8 29. Qe6+ 1/2-1/2

[Event "OLNW 2223 Post SV Uelzen - SK Nordhorn "]
[Site "?"]
[Date "2022.12.11"]
[Round "3.2"]
[White "Knuedel, Torben"]
[Black "Lambrechts, Koen"]
[Result "1-0"]
[WhiteElo "2253"]
[BlackElo "2274"]
[PlyCount "75"]
[EventDate "2022.??.??"]

1. e4 e6 2. d4 d5 3. Nc3 Nf6 4. Bg5 Bb4 5. Nge2 h6 6. Bxf6 Qxf6 7. a3 Bxc3+ 8. Nxc3 Nc6 9. Bb5 O-O 10. Bxc6 bxc6 11. O-O c5 12. e5 Qe7 13. Na4 cxd4 14. Qxd4 Bd7 15. Nc5 Rab8 16. b4 Bb5 17. Rfe1 Bc4 18. Re3 Rb6 19. Rae1 f6 20. Rg3 f5 21. f4 Rc6 22. Ree3 Rb8 23. h4 Rxc5 24. Qxc5 Qxc5 25. bxc5 Rb1+ 26. Kh2 d4 27. Ref3 Kf7 28. h5 Rb2 29. c3 Rd2 30. cxd4 Rxd4 31. Rf2 a6 32. Rc3 Bd5 33. c6 g6 34. Rb2 gxh5 35. Rb7 h4 36. Rxc7+ Kg6 37. Rd7 Rd2 38. Rxd5 1-0

[Event "OLNW 2223 Post SV Uelzen - SK Nordhorn "]
[Site "?"]
[Date "2022.12.11"]
[Round "3.3"]
[White "Ten Vergert, Paul"]
[Black "Wiegmann, Sascha"]
[Result "1/2-1/2"]
[WhiteElo "2176"]
[BlackElo "2293"]
[PlyCount "29"]
[EventDate "2022.??.??"]

1. e4 c5 2. Nf3 d6 3. d4 cxd4 4. Nxd4 Nf6 5. Nc3 a6 6. Be3 e5 7. Nb3 Be6 8. Qd2 Be7 9. f3 O-O 10. O-O-O Nbd7 11. g4 b5 12. g5 b4 13. Ne2 Ne8 14. h4 a5 15. Kb1 1/2-1/2

[Event "OLNW 2223 Post SV Uelzen - SK Nordhorn "]
[Site "?"]
[Date "2022.12.11"]
[Round "3.4"]
[White "von Estorff, Jacob"]
[Black "Rietman, Frits"]
[Result "0-1"]
[WhiteElo "2159"]
[BlackElo "2242"]
[PlyCount "104"]
[EventDate "2022.??.??"]

1. e4 d5 2. exd5 Qxd5 3. d4 e5 4. dxe5 Qxd1+ 5. Kxd1 Nc6 6. f4 Bf5 7. Bd2 O-O-O 8. Nf3 f6 9. Bb5 Nge7 10. Re1 a6 11. Ba4 fxe5 12. Nxe5 Nxe5 13. Rxe5 g6 14. Nc3 b5 15. Bb3 Nc6 16. Be6+ Kb7 17. Re1 Bg7 18. Kc1 Rxd2 19. Kxd2 Rd8+ 20. Kc1 Bxc3 21. bxc3 Re8 22. a4 Bxe6 23. axb5 axb5 24. Rb1 Kb6 25. g4 Re7 26. h3 Kc5 27. Ra1 Kd6 28. Ra8 Rf7 29. Rh8 Bd5 30. Kd2 Na5 31. Ree8 Nc4+ 32. Ke2 Rxf4 33. Rxh7 c6 34. Rg7 Ne5 35. Rd8+ Kc5 36. Re8 Nf3 37. Rxg6 Bf7 38. Rg5+ Nxg5 39. Re5+ Kc4 40. Rxg5 Kxc3 41. Ke3 Rf1 42. Rc5+ Bc4 43. h4 Rh1 44. h5 Kxc2 45. Rxc6 Kc3 46. h6 b4 47. Ke4 b3 48. Rb6 Bd3+ 49. Ke5 b2 50. g5 b1=Q 51. Rxb1 Bxb1 52. Kf6 Rg1 0-1

[Event "OLNW 2223 Post SV Uelzen - SK Nordhorn"]
[Site "?"]
[Date "2022.12.11"]
[Round "3.5"]
[White "Oehne, Timo"]
[Black "Bargsten, Justus"]
[Result "1/2-1/2"]
[WhiteElo "2135"]
[BlackElo "2152"]
[PlyCount "154"]
[EventDate "2022.??.??"]

1. d4 d5 2. Nf3 Nf6 3. g3 Bf5 4. Bg2 c6 5. O-O h6 6. c4 e6 7. Nc3 Be7 8. Bf4 O-O 9. Qb3 Qb6 10. Qxb6 axb6 11. Nd2 Nbd7 12. e4 dxe4 13. Ndxe4 Nxe4 14. Nxe4 Nf6 15. Bd6 Nxe4 16. Bxe7 Rfe8 17. Bxe4 Bxe4 18. Bd6 Red8 19. c5 Ra4 20. Rfd1 b5 21. a3 Rda8 22. f4 b4 23. Re1 Bc2 24. Re2 b3 25. Be5 Rd8 26. g4 f6 27. Bd6 Rxd4 28. Rxe6 Rd2 29. Rf1 Bd3 30. Rf2 Rd1+ 31. Kg2 Bc4 32. Re3 Rd7 33. Kh3 Rc1 34. Kg3 Kf7 35. h4 Rc2 36. h5 b6 37. g5 fxg5 38. fxg5+ Rxf2 39. g6+ Kf6 40. Kxf2 bxc5 41. Bxc5 Kg5 42. Re4 Rd2+ 43. Kg3 Rd3+ 44. Kf2 Bd5 45. Re5+ Kg4 46. Ke2 Rh3 47. Bd4 Bc4+ 48. Kf2 Rd3 49. Be3 Rc3 50. Bd4 Rf3+ 51. Ke1 Rd3 52. Be3 Kf3 53. Bd2 Rd5 54. Bc3 Rd7 55. a4 Bd3 56. a5 Bc2 57. Bd2 Rd4 58. Re3+ Kg4 59. Re5 Ra4 60. Kf2 Be4 61. Bc3 Rc4 62. a6 Ra4 63. a7 Bd5 64. Bd4 c5 65. Bxc5 Bh1 66. Ke3 Ra1 67. Kd2 Ra5 68. Bd4 Rxe5 69. Bxe5 Kxh5 70. Bxg7 Kxg6 71. Bxh6 Kxh6 72. Kc3 Kg6 73. Kxb3 Kf6 74. a8=Q Bxa8 75. Ka4 Ke6 76. b4 Bc6+ 77. b5 Bxb5+ 1/2-1/2

[Event "OLNW 2223 Post SV Uelzen - SK Nordhorn "]
[Site "?"]
[Date "2022.12.11"]
[Round "3.6"]
[White "Bogomolow, Sergej"]
[Black "Schulz, Jens"]
[Result "0-1"]
[WhiteElo "2172"]
[BlackElo "2153"]
[PlyCount "106"]
[EventDate "2022.??.??"]

1. e4 c5 2. Nf3 d6 3. d4 cxd4 4. Nxd4 Nf6 5. Nc3 Nc6 6. Bg5 e6 7. Qd2 a6 8. O-O-O Bd7 9. f4 h6 10. Bh4 g5 11. fxg5 Ng4 12. Be2 Nge5 13. Nf3 Be7 14. Rhg1 Rg8 15. Bg3 hxg5 16. Nxe5 dxe5 17. Bh5 Rg7 18. Rgf1 Qc7 19. Bxf7+ Rxf7 20. Rxf7 Kxf7 21. Qxd7 Qxd7 22. Rxd7 Rb8 23. a3 g4 24. Nd1 Ke8 25. Rd3 Bg5+ 26. Kb1 Ke7 27. Nf2 Rf8 28. c3 Na5 29. Nxg4 Nb3 30. Bf2 Rf4 31. h3 Rxe4 32. Kc2 Nc1 33. Bc5+ Ke8 34. Rd6 Re2+ 35. Kb1 Kf7 36. Rd7+ Kg6 37. Be7 Bxe7 38. Rxe7 Nd3 39. Rxb7 e4 40. g3 e5 41. Rb6+ Kg7 42. h4 e3 43. h5 e4 44. Rg6+ Kf7 45. Rf6+ Ke7 46. Rf1 Rxb2+ 47. Ka1 e2 48. Rh1 Rd2 49. Ne3 e1=Q+ 50. Rxe1 Nxe1 51. h6 Nc2+ 52. Nxc2 Rxc2 53. h7 Rh2 0-1

[Event "OLNW 2223 Post SV Uelzen - SK Nordhorn"]
[Site "?"]
[Date "2022.12.11"]
[Round "3.7"]
[White "Stotyn, Fabian"]
[Black "Askerov, Imamali"]
[Result "1-0"]
[WhiteElo "2162"]
[BlackElo "1943"]
[PlyCount "151"]
[EventDate "2022.??.??"]

1. e4 c6 2. d4 d5 3. exd5 cxd5 4. Bd3 Nc6 5. c3 Nf6 6. Bf4 Bg4 7. Qb3 Qd7 8. Nd2 e6 9. Ngf3 Bd6 10. Bg5 Bxf3 11. Nxf3 Ne4 12. Bxe4 dxe4 13. Nd2 f5 14. Nc4 O-O 15. g3 Kh8 16. O-O-O h6 17. Be3 Ne7 18. Kb1 Nd5 19. Rhe1 b5 20. Nd2 a5 21. a3 Rfc8 22. f3 a4 23. Qc2 exf3 24. Nxf3 Bxa3 25. Ne5 Qb7 26. Bc1 Bd6 27. Ng6+ Kg8 28. Rxe6 Bf8 29. Qxf5 a3 30. Re5 axb2 31. Qe6+ Kh7 32. Nxf8+ Rxf8 33. Bxb2 Nf6 34. d5 Kh8 35. Qc6 Qa7 36. Qe6 Qa2+ 37. Kc1 b4 38. d6 Qa4 39. c4 b3 40. d7 Rad8 41. Rb5 Kh7 42. Rd6 Qa7 43. Rxb3 Rxd7 44. Rbd3 Rxd6 45. Qxd6 Rf7 46. Qd4 Qb7 47. Rd2 Qc7 48. Qd3+ Kg8 49. Qd8+ Kh7 50. Qxc7 Rxc7 51. Rd4 Nd7 52. Kc2 Ne5 53. Kc3 Kg6 54. h3 h5 55. Bc1 Nf7 56. Rd5 Kf6 57. Kd4 g6 58. Bf4 Rc8 59. c5 Ke6 60. Kc4 Ra8 61. Rd1 g5 62. Bd6 Rd8 63. Re1+ Kf5 64. Kd5 Ra8 65. Rf1+ Kg6 66. Ke6 Re8+ 67. Kd7 Ra8 68. Ke6 Re8+ 69. Be7 Nh6 70. Kd7 Ra8 71. c6 Nf5 72. c7 Ra7 73. Bd6 Ra8 74. Be5 Ne3 75. Rf6+ Kh7 76. c8=Q 1-0

[Event "OLNW 2223 Post SV Uelzen - SK Nordhorn "]
[Site "?"]
[Date "2022.12.11"]
[Round "3.8"]
[White "Mittelstaedt, Hendrik"]
[Black "Bierenbroodspot, Paul"]
[Result "1/2-1/2"]
[WhiteElo "2035"]
[BlackElo "2085"]
[PlyCount "111"]
[EventDate "2022.??.??"]

1. c4 c6 2. d4 d5 3. cxd5 cxd5 4. Nc3 Nf6 5. f3 a6 6. e4 dxe4 7. fxe4 e5 8. Nf3 exd4 9. Qxd4 Qa5 10. Qe5+ Qxe5 11. Nxe5 Bb4 12. Bd3 Nbd7 13. Nxd7 Bxd7 14. O-O O-O 15. Nd5 Bc5+ 16. Kh1 Ng4 17. Be2 Nf2+ 18. Kg1 Nxe4+ 19. Be3 Bxe3+ 20. Nxe3 Be6 21. Rf4 f5 22. h4 Rad8 23. Bf3 Nc5 24. b3 b5 25. h5 g5 26. hxg6 hxg6 27. Be2 Rd2 28. Bf1 Ne4 29. Nd1 Rfd8 30. Nf2 Ng3 31. Rf3 Nxf1 32. Kxf1 Kg7 33. Re3 R8d6 34. g3 Kf6 35. Ke1 Rc2 36. Re2 Rc3 37. g4 Rg3 38. Kf1 Rf3 39. Ke1 Rc3 40. gxf5 gxf5 41. Rd1 Rdc6 42. Nd3 Rd6 43. Nf4 Rxd1+ 44. Kxd1 Bf7 45. Rf2 Ke5 46. Kd2 Rc6 47. Nd3+ Kf6 48. Rh2 Rd6 49. Ke3 Bg6 50. Nf4 Ke7 51. Rh6 Bf7 52. Rh7 Rd1 53. Nd3 Kf6 54. Nf4 Rd6 55. Rh6+ Ke7 56. Rh7 1/2-1/2

[Event "OLNW 2223 Delmenhorster SK - SV Werder "]
[Site "?"]
[Date "2022.12.11"]
[Round "3.1"]
[White "Lichmann, Peter"]
[Black "Pahl, Erik"]
[Result "1-0"]
[WhiteElo "2337"]
[BlackElo "2206"]
[PlyCount "49"]
[EventDate "2022.??.??"]

1. f4 d5 2. e3 c5 3. Nf3 a6 4. Be2 Nc6 5. O-O g6 6. d4 c4 7. b3 b5 8. a4 Bg4 9. Ne5 Nxe5 10. fxe5 Bxe2 11. Qxe2 f5 12. Ba3 e6 13. Bxf8 Kxf8 14. b4 Ne7 15. Nc3 Kg7 16. axb5 axb5 17. Nxb5 Qb6 18. Nd6 Qxb4 19. Rab1 Qa4 20. Rb7 Ra7 21. Rfb1 Rha8 22. R7b4 Qc6 23. Qe1 Nc8 24. Rb7+ Rxb7 25. Rxb7+ 1-0

[Event "OLNW 2223 Delmenhorster SK - SV Werder "]
[Site "?"]
[Date "2022.12.11"]
[Round "3.2"]
[White "Pahl, Theis"]
[Black "Kardoeus, David"]
[Result "1/2-1/2"]
[WhiteElo "2189"]
[BlackElo "2118"]
[PlyCount "79"]
[EventDate "2022.??.??"]

1. e4 e5 2. Nf3 Nc6 3. Bc4 Bc5 4. O-O Nf6 5. d3 d6 6. a4 Be6 7. Bxe6 fxe6 8. c3 Bb6 9. Na3 d5 10. Qe2 Qe7 11. b4 a6 12. b5 Na5 13. exd5 Nb3 14. Ra2 Nxc1 15. Rxc1 axb5 16. Nxb5 Nxd5 17. Qxe5 O-O 18. Nbd4 Nf4 19. Qe4 e5 20. Qxe5 Qf7 21. Rd2 Rae8 22. Qg5 Bxd4 23. Nxd4 Nxd3 24. Rb1 Nxf2 25. Qb5 Ne4 26. Rc2 c5 27. Nf3 Qg6 28. Rf1 Re7 29. Qd3 Qb6 30. Re1 c4+ 31. Qd4 Qxd4+ 32. cxd4 Rfe8 33. Rxc4 Nd6 34. Rxe7 Rxe7 35. Rb4 Kf7 36. Ne5+ Ke6 37. Kf2 Kd5 38. Ke3 Nf5+ 39. Kd3 Nxd4 40. Rxd4+ 1/2-1/2

[Event "OLNW 2223 Delmenhorster SK - SV Werder "]
[Site "?"]
[Date "2022.12.11"]
[Round "3.3"]
[White "Efimenko, Maria"]
[Black "Mossakowski, Florian"]
[Result "0-1"]
[WhiteElo "2234"]
[BlackElo "2286"]
[PlyCount "118"]
[EventDate "2022.??.??"]

1. e4 c5 2. c3 d5 3. exd5 Qxd5 4. d4 Nf6 5. Na3 cxd4 6. Nb5 Na6 7. Qxd4 e5 8. Qxd5 Nxd5 9. Nf3 f6 10. Bc4 Nac7 11. O-O Bd7 12. a4 a6 13. Nxc7+ Nxc7 14. Be3 Be6 15. Bxe6 Nxe6 16. Rfe1 Rc8 17. Nh4 Rc6 18. Rad1 Be7 19. g3 g6 20. Rd5 Nc7 21. Rd2 Kf7 22. Red1 Rc8 23. Rd7 Ke8 24. f4 exf4 25. gxf4 Rd8 26. Rxd8+ Bxd8 27. f5 Rc4 28. Rd4 Rxd4 29. Bxd4 g5 30. Nf3 Nd5 31. c4 Nb4 32. Nd2 Nc6 33. Bf2 Ne7 34. Ne4 Nxf5 35. Kg2 Kd7 36. b3 Nd6 37. Nc5+ Kc6 38. Ne6 Be7 39. Nd4+ Kd7 40. Kf3 h5 41. h4 Bf8 42. Bg3 g4+ 43. Ke3 Ne8 44. Ke4 Ng7 45. Kd5 Bb4 46. c5 Bc3 47. Ne2 Bd2 48. Nd4 Be3 49. Ne2 Ne6 50. b4 f5 51. Bd6 f4 52. b5 g3 53. c6+ bxc6+ 54. bxc6+ Kc8 55. Nxg3 fxg3 56. Bxg3 Nc5 57. Kc4 Nxa4 58. Bd6 Bf2 59. Be7 Nb6+ 0-1

[Event "OLNW 2223 Delmenhorster SK - SV Werder "]
[Site "?"]
[Date "2022.12.11"]
[Round "3.4"]
[White "Hedke, Fred"]
[Black "Buchal, Stephan"]
[Result "1/2-1/2"]
[WhiteElo "2242"]
[BlackElo "2210"]
[PlyCount "35"]
[EventDate "2022.??.??"]

1. e4 d6 2. d4 Nf6 3. Nc3 g6 4. g3 Bg7 5. Bg2 O-O 6. Nge2 e5 7. O-O c6 8. h3 b5 9. dxe5 dxe5 10. Qxd8 Rxd8 11. Be3 Bb7 12. Nc1 Nbd7 13. Nd3 Ne8 14. Rfd1 Nc7 15. Rd2 Ne6 16. Rad1 Kf8 17. a4 a6 18. axb5 1/2-1/2

[Event "OLNW 2223 Delmenhorster SK - SV Werder "]
[Site "?"]
[Date "2022.12.11"]
[Round "3.5"]
[White "Heldt, Nils-Lennart"]
[Black "Margraf, Daniel"]
[Result "1/2-1/2"]
[WhiteElo "2070"]
[BlackElo "2252"]
[PlyCount "52"]
[EventDate "2022.??.??"]

1. e4 e5 2. Nf3 Nf6 3. Nxe5 d6 4. Nf3 Nxe4 5. Nc3 Nxc3 6. dxc3 Be7 7. Be3 Nc6 8. Qd2 Bg4 9. Nd4 O-O 10. h3 Bd7 11. O-O-O a5 12. f4 a4 13. a3 Nxd4 14. Bxd4 Bf5 15. Bd3 Bxd3 16. Qxd3 d5 17. f5 Re8 18. Rd2 c6 19. g4 Bh4 20. Rg1 Re4 21. g5 Qb6 22. Rg4 Rae8 23. g6 hxg6 24. fxg6 f6 25. Qf3 Be1 26. Rxe4 Bxd2+ 1/2-1/2

[Event "OLNW 2223 Delmenhorster SK - SV Werder "]
[Site "?"]
[Date "2022.12.11"]
[Round "3.6"]
[White "Grebener, Soeren"]
[Black "Franke, Reiner"]
[Result "0-1"]
[WhiteElo "1990"]
[BlackElo "2229"]
[PlyCount "50"]
[EventDate "2022.??.??"]

1. e4 c5 2. Nf3 Nc6 3. d4 cxd4 4. Nxd4 g6 5. Nxc6 bxc6 6. Bd3 Bg7 7. O-O d6 8. Kh1 Nf6 9. f4 O-O 10. Nd2 Nd7 11. c3 Nc5 12. Bc2 Ba6 13. Rf3 e5 14. f5 d5 15. Qe1 d4 16. c4 d3 17. Bb1 Qd4 18. Qh4 Rfd8 19. f6 Bf8 20. Rh3 h6 21. a4 Rab8 22. Ra3 Rxb2 23. Bxd3 Rxd2 24. Bxd2 Qb2 25. Bxh6 Qb1+ 0-1

[Event "OLNW 2223 Delmenhorster SK - SV Werder "]
[Site "?"]
[Date "2022.12.11"]
[Round "3.7"]
[White "Diederichsen, Detlev"]
[Black "Meyer, Thorsten"]
[Result "1-0"]
[WhiteElo "2151"]
[BlackElo "1973"]
[PlyCount "71"]
[EventDate "2022.??.??"]

1. d4 Nf6 2. Nf3 d6 3. c4 g6 4. g3 Bg7 5. Bg2 O-O 6. O-O Nbd7 7. Nc3 Re8 8. e4 e5 9. h3 c6 10. Re1 Qc7 11. Be3 Nf8 12. Rc1 h6 13. b4 N6d7 14. Qd2 Kh7 15. d5 c5 16. a3 a6 17. Bf1 b6 18. Na4 Ra7 19. bxc5 bxc5 20. Qc2 Nb6 21. Nc3 f5 22. exf5 Bxf5 23. Ne4 Qd7 24. g4 Bxe4 25. Qxe4 Kg8 26. Nh4 Qf7 27. Bd3 g5 28. Nf5 Nc8 29. h4 Qf6 30. hxg5 hxg5 31. Rb1 Rd8 32. Rb8 Nd7 33. Rb3 Ne7 34. Nxe7+ Qxe7 35. Qh7+ Kf8 36. Qf5+ 1-0